Paradiso

Podrobná bibliografia
Hlavný autor: Ferko, Miloš, 1974- (Autor)
Médium: Článok
Jazyk:slovenčina
Fyzický popis:Obr.
ISSN:1210-1982
Predmet:

MARC

LEADER 00000nab a2200000 a 4500
001 vtls000678769
003 SK-MaSNL
005 20260304003454.0
008 160314c1998 xo 0 slo
015 |a SNBRB1998/11-30691 
035 |a CLN000030938 
040 |a SNKBUCL  |b slo  |c SNKBUCL  |e AACR2 
041 0 |a slo 
044 |a xo  |c SK 
080 |a 82.09:885.4-4(048)  |2 UDC-MRF-SK2 
080 |a 885.4-4(048)  |2 UDC-MRF-SK2 
100 1 |a Ferko, Miloš,  |d 1974-  |4 aut  |9 103967 
245 1 0 |a Paradiso  |c Miloš Ferko 
300 |b Obr. 
650 0 7 |a eseje, slovenské  |x recenzie  |2 snkbucl  |9 853000 
773 0 |x 1210-1982  |t Knižná revue  |g Roč. 8, č. 20 (1998), s. 1 
787 0 8 |i Rec.:  |a Mináč, Vladimír, 1922-1996  |a Podracká, Dana, 1954-  |t Paradiso  |d Bratislava : Vydavateľstvo Spolku slovenských spisovateľov, 1998 
850 |a Slovenská národná knižnica v Martine 
852 |a SNK  |b KIS3GCP 
958 |a LX 
958 |a SK 
958 |a RBX 
999 |c 2547520  |d 2549450